• 首页
  • 本馆介绍
  • 公告通知
  • 最新文献
  • 馆藏检索
  • 电子资源
  • 读者导购
  • 参考咨询
  • 我的图书馆
  • 登录
  • 详细信息显示
  • 放入我的书架
  • 预约/预借图书
  • 作者相关作品
  • 分类相关作品
  • 丛书相关作品
  • 出版社相关作品

书目信息

  • 表格格式
  • 工作单格式
  • 卡片格式
题名:
中频放大器
    
 
作者: 王诚训 , 张安东 , 林瑞莲 编著
分册:  
出版信息: 北京   人民邮电出版社  1983
页数: 251页
开本: 19cm
丛书名: 微波接力通信技术丛书
单 册:
中图分类: TN722.1
科图分类:
主题词: 放大技术 , 放大器
电子资源:
ISBN:
000 00761nam2 2200265 45
001 0405180818
005 20040518081959.3
010    @dCNY1.10
091    @a15045.总2634-无6205
100    @a20040518d1983 km y0chiy0120 ea
101 0  @achi
105    @a z 000yy
200 1  @a中频放大器@AZhong Pin Fang Da Qi@f王诚训,张安东,林瑞莲编著@FWang Cheng Xun,Zhang An Dong,Lin Rui Lian Bian Zhu
210    @a北京@c人民邮电出版社@d1983
215    @a251页@d19cm
225    @a微波接力通信技术丛书
410    @12001 @a微波接力通信技术丛书
606 0  @a放大技术
606 0  @a放大器
690    @aTN722.1@v3
701  0 @a王诚训@4编著
701  0 @a张安东@4编著
701  0 @a林瑞莲@4编著
801    @aCN@bTSTCL@c20040518
905    @f2@b104869-870@dTN722.1@e60
    
    中频放大器/王诚训,张安东,林瑞莲编著.-北京:人民邮电出版社,1983
    251页;19cm.-(微波接力通信技术丛书)
    
    
    ISBN :CNY1.10
    
●
相关链接 在E读中查询图书 在五车中查询图书 在当当中查询图书 在豆瓣中查询图书


正题名:中频放大器     索取号:TN722.1/60         预约/预借

序号 登录号 条形码 馆藏地/架位号 状态 备注
1 0104869   001356810   第三借阅区/ [索取号:TN722.1/60] 在馆    
2 0104870   001356785   密集书库/ [索取号:TN722.1/60] 在馆    
3 0104871   001356829   第二样本阅览室/ [索取号:TN722.1/60] 在馆    
唐山师范学院图书馆 欢迎您!
大连网信软件有限公司© 版权所有